Library Banner

The black muslims in America (Record no. 52285)

MARC details
000 -LEADER
fixed length control field 00455nam a2200181Ia 4500
001 - CONTROL NUMBER
control field 54925
008 - FIXED-LENGTH DATA ELEMENTS--GENERAL INFORMATION
fixed length control field 140505s9999 xx 000 0 und d
020 ## - INTERNATIONAL STANDARD BOOK NUMBER
International Standard Book Number NA
040 ## - CATALOGING SOURCE
Transcribing agency PK-LaUMT
082 ## - DEWEY DECIMAL CLASSIFICATION NUMBER
Classification number MAL 301.452977073
Item number LIN-B
100 ## - MAIN ENTRY--PERSONAL NAME
Personal name Lincoln, C. Eric
245 #4 - TITLE STATEMENT
Title The black muslims in America
Statement of responsibility, etc Lincoln, C. Eric
260 ## - PUBLICATION, DISTRIBUTION, ETC. (IMPRINT)
Place of publication, distribution, etc New York,USA:
Name of publisher, distributor, etc Beacon Publisher,
Date of publication, distribution, etc 1961
300 ## - PHYSICAL DESCRIPTION
Extent 276 p.
546 ## - LANGUAGE NOTE
Language note EN
650 ## - SUBJECT ADDED ENTRY--TOPICAL TERM
Topical term or geographic name as entry element Muslims-America
942 ## - ADDED ENTRY ELEMENTS (KOHA)
Koha item type Books
Holdings
Withdrawn status Lost status Damaged status Not for loan Home library Current library Date acquired Total Checkouts Full call number Barcode Date last seen Price effective from Koha item type
        UMT Main Campus UMT Main Campus 2014-05-05   MAL 301.452977073 LIN-B 75789 2014-05-08 2014-05-08 Books